LEADER 01276nam a2200301 i 4500 001 000000172807 003 CaOOAMICUS 005 20080627000000.0 008 080627s1998 it u000 u ita u 013 $a150251 020 $a88-16-50241-X 040 $aSeMil$bita 100 1 $aGarzelli, Ugo.$0(OLS)http://semarc/name/64429 245 13$aLe perle nel pozzo :$bromanzo /$cUgo Garzelli. 260 $aMilano :$bJaca Book,$c1998. 260 $aSanta Croce sull'Arno (Pisa) :$bCircolo il Grandevetro,$c1998. 300 $a153 p. ;$c21 cm. 490 0 $aMondi letterari 490 0 $aMondi letterari. Sezione Europós ;$v41 830 0$aMondi letterari.$0(OLS)http://semarc/title/7766 830 0$aMondi letterari. Sezione Europós ;$v41.$0(OLS)http://semarc/title/20596 850 $aSeMil 852 $aSeMil$W1$xVenegono$y1$m1B II 180$j236008$B123659$CSeMilBibl$Z2$F134755 $81 961 $aOmaggio: Biblioteca Ambrosiana 996 $6020$a88-16-50241-X$9(OLS)http://semarc/number/160335 996 $6245$aLe perle nel pozzo :$bromanzo$9(OLS)http://semarc/title/247557 996 $6260$aSanta Croce sull'Arno (Pisa) :$bCircolo il Grandevetro$9(OLS)http://semarc/publisher/35182 996 $6260$aMilano :$bJaca Book$9(OLS)http://semarc/publisher/29781 LEADER 01400nam a2200253 i 4500 001 000000025032 003 CaOOAMICUS 005 20251125143633.0 008 180830s1789 fr a u000 u fre u 040 $aSeMil$bita 100 1 $aLavoisier, Antoine-Laurent : de,$d<1743-1794>.$0(OLS)http://semarc/name/90135 245 10$aTraité élémentaire de chimie, présenté dans un ordre nouveau et d'après les découvertes modernes; avec figures: par M. Lavoisier ... Tome 1. [-2.]. 260 $aA Paris :$bChez Cuchet, libraire, rue & hôtel Serpente,$c1789. 300 $a2 v. :$bill. ;$c8°. 500 $aVignetta xilogr. sui front. 500 $aCarte di tav. incise da "Paulze Lavoisier", moglie dello scienziato 650 4$aChimica - Opere anteriori al 1900.$0(OLS)http://semarc/subject/44659 700 1 $aLavoisier, Marie-Anne : de,$d<1758-1836>.$0(OLS)http://semarc/name/90137 700 1 $aCuchet, Gaspard-Joseph,$c.$0(OLS)http://semarc/name/90136 774 0 $tTome 1.$g1$w()81343 774 0 $tTome 2.$g2$w()257701 996 $6245$aTraité élémentaire de chimie, présenté dans un ordre nouveau et d'après les découvertes modernes; avec figures: par M. Lavoisier ... Tome 1. [-2.]$9(OLS)http://semarc/title/401866 996 $6260$aA Paris :$bChez Cuchet, libraire, rue & hôtel Serpente$9(OLS)http://semarc/publisher/56118